Master Guide to N T A, U G C /Net/Set/Jrf/Phd: (Record no. 215080)
[ view plain ]
| 000 -LEADER | |
|---|---|
| fixed length control field | 00718nam a22001937a 4500 |
| 005 - DATE AND TIME OF LATEST TRANSACTION | |
| control field | 20260301144834.0 |
| 010 ## - LCCN (DPL NO) | |
| LC control number | BACEN26 |
| 020 ## - INTERNATIONAL STANDARD BOOK NUMBER | |
| International Standard Book Number | 9788198431165 |
| Terms of availability | 695.00 |
| 037 ## - SOURCE OF ACQUISITION | |
| Source of stock number/acquisition | OakBridge |
| 082 ## - DEWEY DECIMAL CLASSIFICATION NUMBER | |
| Classification number | 378.0076 |
| 100 ## - MAIN ENTRY--PERSONAL NAME | |
| Personal name | Kaur, Harpreet |
| 245 ## - TITLE STATEMENT | |
| Title | Master Guide to N T A, U G C /Net/Set/Jrf/Phd: |
| Remainder of title | Paper-I Teaching & Research Aptitude/ |
| Statement of responsibility, etc | by Harpreet Kaur |
| 250 ## - EDITION STATEMENT | |
| Edition statement | 6th ed. |
| 260 ## - PUBLICATION, DISTRIBUTION, ETC. (IMPRINT) | |
| Place of publication, distribution, etc | Haryana |
| Name of publisher, distributor, etc | OakBridge |
| Date of publication, distribution, etc | 2019 |
| 270 ## - ADDRESS | |
| Address | M 35, 1st Floor, Old DLF, Gurugram, |
| City | Haryana |
| Postal code | 122001 |
| Electronic mail address | info@oakbridge.in |
| 300 ## - PHYSICAL DESCRIPTION | |
| Extent | Vp. |
| Dimensions | 27cm(pbk) |
| 505 ## - FORMATTED CONTENTS NOTE | |
| Formatted contents note | |
| 942 ## - ADDED ENTRY ELEMENTS (KOHA) | |
| Source of classification or shelving scheme | Dewey Decimal Classification |
| Item type | English Books |
| Classification part | 378.0076 |
| Call number suffix | KAU |
No items available.
